Vet in harness / (Record no. 533890)

000 -LEADER
fixed length control field 00768cam a2200277 i 4500
001 - CONTROL NUMBER
control field 2239561
003 - CONTROL NUMBER IDENTIFIER
control field NUST
005 - DATE AND TIME OF LATEST TRANSACTION
control field 20200123122844.0
008 - FIXED-LENGTH DATA ELEMENTS--GENERAL INFORMATION
fixed length control field 760910s1976 enk 000 0beng
010 ## - LIBRARY OF CONGRESS CONTROL NUMBER
LC control number 76374171
015 ## - NATIONAL BIBLIOGRAPHY NUMBER
National bibliography number GB76-05826
020 ## - INTERNATIONAL STANDARD BOOK NUMBER
International Standard Book Number 0330246631 :
Terms of availability £0.60
038 ## - RECORD CONTENT LICENSOR
Staff Name MSOHAIL
040 ## - CATALOGING SOURCE
Original cataloging agency DLC
Transcribing agency DLC
Modifying agency DLC
043 ## - GEOGRAPHIC AREA CODE
Geographic area code e-uk-en
050 00 - LIBRARY OF CONGRESS CALL NUMBER
Classification number SF613.H44
Item number A38 1976
082 00 - DEWEY DECIMAL CLASSIFICATION NUMBER
Classification number 636.0890924
-- B
100 1# - MAIN ENTRY--PERSONAL NAME
Personal name Herriot, James.
9 (RLIN) 10864
245 10 - TITLE STATEMENT
Title Vet in harness /
Statement of responsibility, etc. James Herriot.
260 ## - PUBLICATION, DISTRIBUTION, ETC.
Place of publication, distribution, etc. London :
Name of publisher, distributor, etc. Pan Books,
Date of publication, distribution, etc. 1976.
300 ## - PHYSICAL DESCRIPTION
Extent 252 p. ;
Dimensions 18 cm.
600 10 - SUBJECT ADDED ENTRY--PERSONAL NAME
Personal name Herriot, James.
9 (RLIN) 10864
650 #0 - SUBJECT ADDED ENTRY--TOPICAL TERM
Topical term or geographic name entry element Veterinarians
Geographic subdivision England
-- Yorkshire
General subdivision Biography.
9 (RLIN) 10865
906 ## - LOCAL DATA ELEMENT F, LDF (RLIN)
a 7
b cbc
c orignew
d 3
e ncip
f 19
g y-gencatlg
942 ## - ADDED ENTRY ELEMENTS (KOHA)
Source of classification or shelving scheme
Koha item type Book
Holdings
Withdrawn status Lost status Source of classification or shelving scheme Damaged status Not for loan Permanent Location Current Location Date acquired Total Checkouts Full call number Barcode Date last seen Price effective from Koha item type
          School of Civil and Environmental Engineering (SCEE) School of Civil and Environmental Engineering (SCEE) 01/23/2020   636.0890924 NIT-9406 01/23/2020 01/23/2020 Book
© 2023 Central Library, National University of Sciences and Technology. All Rights Reserved.